000 00205nam a2200085Ia 4500
008 170617s9999 xx 000 0 und d
100 _aLesikar R V
245 0 _aBasic Business Communication with CD
260 _bNew Age
260 _c2006
999 _c15122
_d15122